000 00768naa a2200205 a 4500
001 83020
003 BD-RjUL
005 20240208145816.0
008 240208s1967 le ||||| |||| 00| 0 ar d
035 _a(BD-RjUL)83020
040 _aBD-RjUL
_beng
_cBD-RjUL
041 _aara
082 _223
_a492.75
_bHAT 1967
100 _a Al-Hashemi, Muhammad bin Ahmed ;; :الهاشمي، محمد بن أحمد.
_911581
245 _aالتوضيحات الجلية في شرح الآجرومية ;; altawdihat aljaliat fi sharh alajrumia /
_cمحمد بن أحمد الهاشمي ;; Mohammed bin Ahmed Al Hashemi
260 _a : القاهرة
_bمصطفى البابي الحلبي،,
_c1967
300 _a64 p.;
_c20 cm
650 _aArabic Grammar
942 _2ddc
_cBK
999 _c83020
_d83020